Bureaucrats and politicians: a report on the administrative elites project (Record no. 21905)

000 -LEADER
fixed length control field 01190pab a2200169 454500
008 - FIXED-LENGTH DATA ELEMENTS--GENERAL INFORMATION
fixed length control field 180718b xxu||||| |||| 00| 0 eng d
100 ## - MAIN ENTRY--PERSONAL NAME
Personal name Aberbach, Joel D.
245 ## - TITLE STATEMENT
Title Bureaucrats and politicians: a report on the administrative elites project
520 ## - SUMMARY, ETC.
Summary, etc. This article is a review of research conducted by Joel D. Aberbach, Bert A. Rockman and their colleagues on the backgrounds, roles, responsibilities and relationships between high-level bureaucrats and politicians in several Western democracies. Bureaucrats and politicians each consider themselves policy-makers but tend to approach policy-making in characteristically different ways. Bureaucrats are the more stable and conserving elite, they tent to maintain equilibrium in the policy environment. Politicians are more risk-taking, they tend to inject energy and initiative into the policy process. Distinctions between bureaucrats and politicians are less clear in the United States, where data collected in the
650 ## - SUBJECT ADDED ENTRY--TOPICAL TERM
Topical term or geographic name entry element Leadership
650 ## - SUBJECT ADDED ENTRY--TOPICAL TERM
Topical term or geographic name entry element Elites
650 ## - SUBJECT ADDED ENTRY--TOPICAL TERM
Topical term or geographic name entry element Bureaucracy
700 ## - ADDED ENTRY--PERSONAL NAME
Personal name Bert A., Rockman
700 ## - ADDED ENTRY--PERSONAL NAME
Personal name Daniel B., Mezger
773 ## - HOST ITEM ENTRY
Main entry heading Australian Journal of Public Administrataion
909 ## -
-- 21905
Holdings
Withdrawn status Lost status Damaged status Not for loan Permanent Location Current Location Date acquired Serial Enumeration / chronology Barcode Date last seen Price effective from Koha item type
        Indian Institute of Public Administration Indian Institute of Public Administration 2018-07-19 Issue no: 50(2), Jun.91, p.203-17 AR21974 2018-07-19 2018-07-19 Articles

Powered by Koha